000 00399 a2200169 4500
001 183062
020 _a85-00-00118-6
040 _cMagnum
100 _aBarreto, Lima
240 1 0 _aO homem que sabia javanês e outros contos
_lpor
245 1 0 _aO homem que sabia javanês e outros contos
300 _a111
362 0 _a1996
440 1 _aEdiouro
697 _aLITERATURA GERAL
942 _cBK
999 _c183062
_d183062